Filosofía 3

Saved in:
Bibliographic Details
Main Author: Rábade, Sergio
Other Authors: Bernavente, José Mª
Format: Book
Language:Spanish
Published: Salamanca Anaya 1978
Textbook Catalogue:MANES:  Library Catalog Search Result
Textbook Classification:
Tags: Add Tag
No Tags, Be the first to tag this record!
Added to:2021-05-18
Changed in:2025-05-07

MARC

LEADER 00000nam a22000007a 4500
005 20250507133431.0
008 210519b |||||||| |||| 00| 0 spa d
040 |a centro_manes  |c Centro_internacional de la cultura escolar 
100 |a Rábade, Sergio  |9 35968 
245 |a Filosofía 3 
260 |a Salamanca  |b Anaya  |c 1978 
300 |a 298 p.  |c 20 x 21 cm  
500 |a Sin ilustraciones. Contiene ejercicios para el alumno. 
546 |a España 
561 |5 es-CICE  |3 FMa/F3  |a España. Centro Internacional de la Cultura Escolar  |k MANES 
690 0 |a FILO 
691 0 |a SE 
700 |a Bernavente, José Mª  |9 35969 
942 |2 ddc  |c BK 
999 |c 92183  |d 92183 
999 |c manes:92183  |d 92183